000
00200 a2200109 4500
020
_a
9780813667911
041
_a
spa
100
_a
Walker, Colin
245
_a
La Madera
942
_c
BK
952
_7
1
999
_c
16749
_d
16749